000
00235 a2200097 4500
001
25484
100
_a
Markushevich, A I
245
_a
Theory of fuunctions of a complex variable
260
_a
_b
Prenttice Hall
_c
090
_c
17208
_d
17208
942
_a
NUST-CAE
_c
M
_c
8012
999
_c
260557
_d
260557